| 000 | 01613nam a2200349 a 4500 | ||
|---|---|---|---|
| 001 | ebr5004432 | ||
| 003 | CaPaEBR | ||
| 006 | m u | ||
| 007 | cr cn||||||||| | ||
| 008 | 960313s1996 ctu sb 101 0 eng | ||
| 010 | _z 96005801 | ||
| 020 | _z0313297762 (alk. paper) | ||
| 040 |
_aCaPaEBR _cCaPaEBR |
||
| 035 | _a(OCoLC)50679730 | ||
| 050 | 1 | 4 |
_aPS3525.A1435 _bZ88 1996eb |
| 082 | 0 | 4 |
_a818/.5209 _220 |
| 245 | 0 | 0 |
_aTwenty-four ways of looking at Mary McCarthy _h[electronic resource] : _bthe writer and her work / _cedited by Eve Stwertka and Margo Viscusi. |
| 260 |
_aWestport, Conn. : _bGreenwood Press, _c1996. |
||
| 300 | _axii, 224 p. | ||
| 490 | 1 |
_aContributions to the study of world literature, _x0738-9345 ; _vno. 70 |
|
| 500 | _aBased on papers originally presented at a conference on Mary McCarthy held at Bard College in 1993. | ||
| 504 | _aIncludes bibliographical references (p. 205-211) and index. | ||
| 533 |
_aElectronic reproduction. _bPalo Alto, Calif. : _cebrary, _d2013. _nAvailable via World Wide Web. _nAccess may be limited to ebrary affiliated libraries. |
||
| 600 | 1 | 0 |
_aMcCarthy, Mary, _d1912-1989 _xCriticism and interpretation _vCongresses. |
| 650 | 0 |
_aWomen and literature _zUnited States _xHistory _y20th century _vCongresses. |
|
| 655 | 7 |
_aElectronic books. _2local |
|
| 700 | 1 | _aStwertka, Eve. | |
| 700 | 1 | _aViscusi, Margo. | |
| 710 | 2 | _aebrary, Inc. | |
| 830 | 0 |
_aContributions to the study of world literature ; _vno. 70. |
|
| 856 | 4 | 0 |
_uhttp://site.ebrary.com/lib/rucke/Doc?id=5004432 _zAn electronic book accessible through the World Wide Web; click to view |
| 999 |
_c771 _d771 |
||